Statistics for 30 Biggest Cities in Austria

Click here to take the quiz!

General Stats

  • This quiz has been taken 174 times
  • The average score is 16 of 30

Answer Stats

Lp Answer Population % Correct
1.Vienna1 840 573
100%
4.Salzburg148 420
98%
2.Graz273 838
97%
3.Linz198 181
93%
5.Innsbruck126 851
93%
6.Klagenfurt97 827
88%
7.Villach60 480
80%
9.Sankt Pölten52 716
75%
14.Bregenz28 697
74%
11.Wiener Neustadt43 019
71%
8.Wels59 853
60%
20.Krems23 992
54%
10.Dornbirn47 420
53%
12.Steyr38 273
50%
13.Feldkirch30 056
50%
19.Leoben24 680
48%
22.Amstetten23 173
46%
17.Baden bei Wien25 328
42%
27.Kufstein18 401
39%
18.Wolfsberg25 083
39%
16.Klosterneuburg26 466
37%
30.Braunau am Inn16 380
29%
29.Schwechat17 140
29%
25.Mödling20 619
28%
26.Hallein20 603
23%
24.Kapfenberg23 181
21%
15.Leonding26 934
21%
21.Traun23 892
17%
23.Lustenau21 894
17%
28.Traiskirchen18 326
7%

Score Distribution

Percentile by Number Answered

Percent of People with Each Score

Your Score History

You have not taken this quiz